000 00302nam a2200133Ia 4500
100 _aPeebles peyton Z
942 _cBK
654 _acommunication systems
245 _aDigital communication systems
260 _bprentice hall
_aNew Jersey
_c1987
300 _a432
546 _aENGLISH
999 _c24502
_d24502